Modificación del Reglamento Interior : Acuerdo de 17 de julio de 1942 / Diputación Provincial de Barcelona Acuerdo de 17 de julio de 1942 / Diputación Provincial de Barcelona
Descripción Física:
16 p. ; 18 cm
MARC
| LEADER | 00000nam a2200000Ia 4500 | ||
|---|---|---|---|
| 001 | 9968 | ||
| 008 | 160829s1942 xx 000 0 cat d | ||
| 080 | |a FU-2-19 | ||
| 110 | 1 | |a Barcelona (Catalunya : Província). |b Diputació |9 52408 | |
| 245 | |a Modificación del Reglamento Interior : |b Acuerdo de 17 de julio de 1942 / Diputación Provincial de Barcelona | ||
| 260 | |a Barcelona : |b [s.n.], |c 1942 | ||
| 300 | |a 16 p. ; |c 18 cm | ||
| 590 | |a Hi ha un duplicat: DUP-21-18 | ||
| 610 | 0 | |a Barcelona (Catalunya : Província). |b Diputació |x Reglaments i procediment |9 54210 | |
| 856 | 4 | |u https://media.diba.cat/diba/fitxers/arxiu/fulletons/bib_9968_1942_baixa.pdf |y Accés lliure | |
| 856 | 4 | |u https://media.diba.cat/diba/fitxers/arxiu/fulletons/bib_9968_1942_baixa.pdf |y Accés lliure | |
| 901 | |a Arxiu | ||
| 942 | |n 1 |2 udc | ||
| 952 | |0 0 |1 0 |4 0 |6 FU219 |7 1 |9 42420 |a Arxiu |b Arxiu |d 2016-12-01 |l 0 |o FU-2-19 |p 9968 |r 2016-12-01 00:00:00 |w 2016-12-01 |y ARXIU | ||
| 999 | |c 44925 |d 44925 | ||
| 900 | |a bib_9968_1942_baixa.pdf | ||